000 00354 a2200157 4500
001 62085
020 _a9788526015975
040 _cAnchieta - Pituba
100 _aGesteira, Sérgio Martagão
240 1 0 _aRuy Espinheira Filho
_lpor
245 1 0 _aRuy Espinheira Filho
300 _a285
362 0 _a2011
650 4 _aPoesia brasileira
942 _cBK
999 _c62085
_d62085